000 00502nam a22001937a 4500
003 OSt
005 20161202195304.0
008 161202b xxu||||| |||| 00| 0 eng d
020 _a052145591X
040 _cDDC
082 _a539 ICK 1995
100 _aIcke, Vincent
_911343
245 _aThe Force of Symmentry
260 _aCambridge University Press, 1995
300 _axxi,338p; ill: 24cm
504 _aReferences, glossary, & index included
650 _aSymmetry
_911344
942 _2z
_cO_SHELF
999 _c5428
_d5428